00965 am a2200277ua 450000100100000000500170001000800410002701000130006802000150008102000270009604000110012308200190013410000300015324500520018326001060023530000330034150000240037450000270039850000230042565000210044865300250046965500240049494200190051899900170053795201330055401197199520140302113740.0831003t1982 xxua grd 001 0 eng d a81084165 z0615098866 a0675098866 (corrected) aUkcUk04a658.8222bRUN1 aRunyon, Kenneth E.93507314aThe practice of marketing /cKenneth E. Runyon. aColumbus, United States :bCharles E. Merrill Publishing Company :bA Bell & Howell Company,cc.1982. axi, 616 p. :bill. ;c26 cm. aIndex : p. 593-616. aGlossary : p. 583-591. aIncludes appendix. 0aMarketing 94499 bBUSADMcFebruary2014 vreading book934232 2ddck658.8 RUN c18029d18001 00102ddc40708Donation-GaMAINbMAINc1STd2014-02-04eDonationl4o658.8 RUNp000035583r2025-07-15 00:00:00s2016-10-15yBB